00494cam a22001457a 4500008004000000020001800040082001300058100001800071245011600089260003300205300001000238650002200248650004700270650003100317180718b2013 xxu||||| |||| 00| 0 eng d a9788172737122 aF5 Sh23c aSharma, Sumit aCorporate crimes and financial frauds : with biggest financial frauds in the history of Indiacby Sumit Sharma aNew DelhibAuthorpressc2013 a225p. aCommercial crimes aCorporations -- Corrupt practices -- India aCommercial crimes -- India